[Event "Mittelrhein Regionalliga 1920"]
[Site "Mittelrhein"]
[Date "2019.10.27"]
[Round "2.6"]
[White "Wegener, Marcus"]
[Black "Hess, Christian1"]
[Result "0-1"]
[WhiteElo "1943"]
[BlackElo "1953"]
[PlyCount "72"]
[EventDate "2019.09.29"]
[EventType "team-tourn"]
[EventRounds "9"]
[EventCountry "GER"]
[SourceTitle "EXT 2023"]
[Source "ChessBase"]
[SourceDate "2022.10.05"]
[SourceVersion "1"]
[SourceVersionDate "2022.10.05"]
[SourceQuality "1"]
[WhiteTeam "Koeln Porz III"]
[BlackTeam "Langenfeld II"]
[WhiteTeamCountry "GER"]
[BlackTeamCountry "GER"]

1. e4 d6 2. d4 g6 3. Nf3 Bg7 4. Be2 Nd7 5. h3 a6 6. Be3 c6 7. 0-0 b5 8. Nbd2 Bb7 9. c3 Qc7 10. a4 Ngf6 11. axb5 axb5 12. Rxa8+ Bxa8 13. Qa1 0-0 14. b3 Rb8 15. Qa2 h6 16. Ra1 Bb7 17. Qc2 e6 18. Bd3 Nf8 19. Nf1 c5 20. N1d2 N6d7 21. Ra7 Qb6 22. Qa2 b4 23. Nc4 Qc7 24. cxb4 d5 25. exd5 exd5 26. Na5 cxd4 27. Nxd4 Qc3 28. Qc2 Qxb4 29. Nac6 Qe1+ 30. Kh2 Bxc6 31. Nxc6 Re8 32. Nd4 Rxe3 33. fxe3 Be5+ 34. g3 Qxg3+ 35. Kh1 Qxh3+ 36. Kg1 Qxe3+ 0-1

[Event "Mittelrhein Regionalliga 15/16"]
[Site "Nordrheinwestfalen"]
[Date "2015.11.15"]
[Round "3.7"]
[White "Wegener, Marcus"]
[Black "Proba, Stefan"]
[Result "1/2-1/2"]
[WhiteElo "1979"]
[BlackElo "1950"]
[PlyCount "61"]
[EventDate "2015.09.27"]
[EventType "team-tourn"]
[EventRounds "9"]
[EventCountry "GER"]
[SourceTitle "EXT 2022"]
[Source "ChessBase"]
[SourceDate "2021.10.06"]
[SourceVersion "1"]
[SourceVersionDate "2021.10.06"]
[SourceQuality "1"]
[WhiteTeam "Porz SG III"]
[BlackTeam "Koeln Ford SF"]
[WhiteTeamCountry "GER"]
[BlackTeamCountry "GER"]

1. e4 c6 2. d4 d5 3. f3 e5 4. dxe5 Bc5 5. Nc3 Qb6 6. Na4 Qa5+ 7. c3 Bxg1 8. Rxg1 dxe4 9. Qd4 Ne7 10. Bg5 Ng6 11. Qxe4 0-0 12. Bd3 Be6 13. Bc2 Nd7 14. Be7 Rfe8 15. Bb4 Qa6 16. 0-0-0 b5 17. Rxd7 Bxd7 18. Nc5 Qc8 19. f4 a5 20. Nxd7 Qxd7 21. Bd6 Qg4 22. g3 Rac8 23. h3 Qxh3 24. f5 Qh6+ 25. Kb1 Nf8 26. g4 Qd2 27. g5 Qd5 28. Qh4 Rxe5 29. Bxe5 Qxe5 30. g6 Kh8 31. gxf7 1/2-1/2

[Event "Essen op"]
[Site "Essen Borbeck"]
[Date "2001.04.12"]
[Round "2"]
[White "Wegener, Marcus"]
[Black "Bashilin, Roman"]
[Result "0-1"]
[WhiteElo "2064"]
[BlackElo "2354"]
[PlyCount "42"]
[EventDate "2001.04.11"]
[EventType "swiss"]
[EventRounds "9"]
[EventCountry "GER"]
[SourceTitle "CBM 081 Extra"]
[Source "ChessBase"]
[SourceDate "2001.05.06"]
[SourceVersion "1"]
[SourceVersionDate "2001.05.06"]
[SourceQuality "1"]

1. e4 e6 2. d4 d5 3. Nc3 Bb4 4. a3 Bxc3+ 5. bxc3 dxe4 6. f3 b6 7. Qe2 Bb7 8. Qf2 Nf6 9. Be2 Nbd7 10. a4 c5 11. Nh3 cxd4 12. cxd4 Qc7 13. 0-0 exf3 14. Bxf3 Bxf3 15. Qxf3 0-0 16. Bg5 Qxc2 17. Rae1 Qg6 18. Bxf6 Nxf6 19. Nf4 Qg4 20. Qb7 Rad8 21. h3 Qh4 0-1